Elektromobilita v Slovenskej republike bakalárska práca

Uložené v:
Podrobná bibliografia
Hlavný autor: Boráň, Matúš
Korporativný autor: Obchodná fakulta EU. Katedra marketingu
Ďalší autori: Rehák, Róbert, 1984-
Médium: Kniha
Jazyk:Slovak
Vydavateľské údaje: Bratislava 2022
Tagy: Pridať tag
Žiadne tagy, Buďte prvý, kto otaguje tento záznam!

MARC

LEADER 00000nbm a2200000 4500
001 0285809
005 20221128131919.4
041 0 |a slo 
044 |a SK 
245 1 0 |a Elektromobilita v Slovenskej republike  |b bakalárska práca  |c Matúš Boráň ; školiteľ: Róbert Rehák 
264 1 |a Bratislava  |c 2022 
300 |a 45 s. 
100 1 |a Boráň, Matúš 
700 1 |a Rehák, Róbert, 1984- 
710 2 |a Obchodná fakulta EU. Katedra marketingu